First Date - blink-182 - Statistics

General Stats
  • This quiz has been taken 59 times
  • The average score is 169 of 191
Answer Stats
Answer % Correct
date
100%
first
100%
I
100%
it
100%
our
100%
you
100%
your
100%
a
97%
car
97%
go
97%
is
97%
on
97%
the
97%
think
97%
this
97%
to
97%
and
93%
cool
93%
ever
93%
for
93%
forever
93%
hand
93%
hold
93%
if
93%
In
93%
in
93%
Let's
93%
let's
93%
lets
93%
make
93%
very
93%
can't
90%
just
90%
last
90%
me
90%
my
90%
nervous
90%
so
90%
that
90%
wait
90%
what
90%
almost
87%
didn't
87%
do
87%
Don't
87%
don't
87%
eat
87%
hair
87%
know
87%
of
87%
pick
87%
really
87%
stupid
87%
up
87%
wear
87%
eyes
83%
honest
83%
I'm
83%
kiss
83%
like
83%
look
83%
night
83%
over
83%
at
80%
guess
80%
miss
80%
night's
80%
not
80%
those
80%
with
80%
everybody
77%
gonna'
77%
jealous
77%
probably
77%
room
77%
would
77%
wrong
77%
dance
73%
it's
73%
lame
73%
lies
73%
minute
73%
only
73%
please
73%
scared
73%
time
73%
when
73%
wish
73%
you're
73%
was
70%
capable
67%
thought
67%
inside
63%
target
63%
worthy
63%
melt
60%
smile
60%
hint
43%
dread
37%
No matching quizzes found
Score Distribution
Percent of People with Each Score
Percentile by Number Answered
Your Score History
You have not taken this quiz